01229nam a22003377a 4500003000500000005001700005008004100022010001000063011001000073035001000083040000900093082001600102100003500118245003100153260004000184300002000224590004100244590004100285590004100326590004100367590004100408590004200449650004900491650004700540650004000587901000700627942001000634949008400644999001700728952014600745CHAP20220329140847.0971013s1991 r 00010 d a58822 a59794 a63954 cCHAP a632.58bT4200aTeBeest, David O.eed.9111868 aMicrobial control of weeds aNew York :bChapman and Hall,c1991 a284 p.b: ilus. aBATCH-UPDb10c20130109lUCH01h2318 aBATCH-UPDb10c20130110lUCH01h0701 aBATCH-UPDb10c20130409lUCH01h1840 aBATCH-UPDb10c20130410lUCH01h0346 aBATCH-UPDb10c20130914lUCH01h1048 aCONVERSIONb10c20130109lUCH01h133214aControl biológico de malas hierbas.92758414aInteracción huésped-parásito.95951214aMicroorganismos patógenos.975528 aBK cLIBRO a632.58 T42bBCcLIBROd33724000608055eLIBROgI.180783h89960i63954smt871.00 c58822d58822 00102ddc4052708GRALaBCbBCcPP_GRALd2019-12-31eI.180783fLIBROl0o632.58 T42p33724000608055r2019-12-31 00:00:00w2019-12-31yLIBRO